| 000 | 00422nam a2200157 a 4500 | ||
|---|---|---|---|
| 001 | 6019 | ||
| 003 | CDMR | ||
| 005 | 20130730114001.0 | ||
| 008 | 130220s2008||||||||||||||||||||||||||||d | ||
| 020 | _a9788497796347 | ||
| 040 |
_aCDMR _bcat _cCPC LLEIDA |
||
| 100 | 1 |
_aPrats Ripoll, Margarida _93008 |
|
| 245 | 1 | 0 |
_aMàrius Torres, del poeta al lector _cPRATS RIPOLL, Margarida |
| 260 |
_aLleida _bPagès _c2008 |
||
| 942 |
_cMON _2udc |
||
| 999 |
_c6019 _d6019 |
||